02293nam a2200157 4500008001000000020001800010082001500028100004600043245006100089260005700150300003900207505165500246650009501901999001501996952012402011708 B885s a9789492095626 a708bB885s aGarcía-Antón, Katya (edición)97115 aSovereign words:bIndigenous art, curation and criticism aAmsterdambOffice for Contemporary Art Norway c2018 a288 p.bil. (col)c23,5 x 16,5 cm  tPrefacerKatya García-Antón tSounding the global indigenous. Language, contemporaneity and indigenous art writingtCan i get a witness? Indigenous art criticismrDavid GarneautWhat does or should 'Indigenous art' mean?rPrashanta TripuratHistory and context of Madhubani (Mithila) artrSantosh Kumar DastSovereign histories of the visualtJođi lea bouret go oru. Better in motion that at rest. Iver Jåks (1932 - 2007)rIrene SnarbytToi te kupu, toi te mana, toi te whenua. The permanence of languages, prestige and landrMegan Tamati-QuennelltSovereignity over representation. Indigenous cinema in the Chittagong Hill tracts of Bangladesh rKabita ChakmatStatues, maps, stories and laws. Critical perspectives on land right and usetHiding in plain sight. Decolonising public memoryrDaniel BrowningtYarabinja bujarang. Beautiful sea countryrMegan Cope tIndigenous stories, indigenous to global survivalrAnde SombytIndigenous peoples` land rights in Bangladesh. An overview of the Chittagong Hill tracts rSontosh Bikash Tripura tSovereign world-building, acting within and beyond notions of the curatorial tI can steal hear them calling. Echoes of my ancestors rKimberley Moulton tPeople call me VenkatrVenkat Raman Singh Shyam tEthno-spatiality as Sovereignty. Curating performative encounters with taiwanese indigenous contemporary art rBiung Ismahasan tMAATAU ´O TAUTUANAGA MO O TAATOU LUMANA´I. Considering the service of displays for our futuresrLéuli Maazyaar Luna´i Eshraaghi tIndigenous futures and sovereign romanticism. Belonging to a place in time rHannah Donnelly tBibliographies tBiographies tIndex xarte contemporáneo xarte - indígenaxcuraduría xcrítica e interpretación97116 c1821d1821 00102ddc4070aLVbLVcPensamientod2019-08-01l1o708 B885sp004816r2021-03-18 00:00:00s2019-11-28w2019-08-01y01